| 000 | 00337nam a2200133Ia 4500 | ||
|---|---|---|---|
| 005 | 20260328101507.0 | ||
| 008 | 260328s9999||||xx |||||||||||||| ||und|| | ||
| 100 | _aGiedion, Sigfried | ||
| 245 | 2 |
_aA Decade of Contemporary Architecture / _cSigfried Giedion |
|
| 260 | _bGirsberger | ||
| 300 | _a271 p. | ||
| 650 | _aHISTORIA | ||
| 942 | _cBK | ||
| 999 |
_c9062 _d9062 |
||